| 000 -ლიდერი |
| ფიქსირებული სიგრძის საკონტროლო ველი |
01058nam a22002177a 4500 |
| 003 - საკონტროლო ნომრის იდენტიფიკატორი |
| საკონტროლო ველი |
Ge_BSU |
| 005 - ბოლო ოპერაციის თარიღი და დრო |
| საკონტროლო ველი |
20230405105523.0 |
| 008 - ფიქსირებული სიგრძის მონაცემთა ელემენტები - ზოგადი ინფორმაცია |
| ფიქსირებული სიგრძის საკონტროლო ველი |
230405s2001 ge ||||| |||| 00| 0 geo d |
| 020 ## - წიგნის საერთაშორისო სტანდარტული ნომერი |
| International Standard Book Number |
9992837136 |
| 041 ## - ენის კოდი |
| Language code of text/sound track or separate title |
geo |
| 080 ## - უნივერსალური ათობითი კლასიფიკაციის ინდექსი |
| Universal Decimal Classification number |
93/94(042.4) კ-27 |
| 100 ## - მთავარი ჩანაწერი - პიროვნების სახელი |
| Personal name |
კარი, ედვარდ ჰელეტ |
| 9 (RLIN) |
17482 |
| 245 ## - ცნობა სათაურის შესახებ |
| Title |
რა არის ისტორია? : |
| Remainder of title |
კემბრიჯის უნ-ტში წაკითხული ლექციების ციკლი, 1961 წ. იანვარი-მარტი / |
| Statement of responsibility, etc |
ინგლ. თარგმნა მანანა ბეზარაშვილმა ; [რედ.: დავით ზურაბიშვილი]. |
| 264 ## - წარმოების, გამოცემის, დისტრიბუციის და სხვა ცნობები |
| გამოცემის, წარმოების, დისტრიბუციის... ადგილი |
თბილისი: |
| გამოცემის, წარმოების, დისტრიბუციის... სახელწოდება |
CIPDD, |
| გამოცემის, წარმოების, დისტრიბუციის... თარიღი |
2001. |
| 300 ## - ფიზიკური აღწერა |
| Extent |
143გვ. ; |
| Other physical details |
20სმ. |
| 653 ## - INDEX TERM--UNCONTROLLED |
| Uncontrolled term |
ისტორია |
| 653 ## - INDEX TERM--UNCONTROLLED |
| Uncontrolled term |
საზოგადოება |
| 653 ## - INDEX TERM--UNCONTROLLED |
| Uncontrolled term |
პიროვნება |
| 700 ## - ADDED ENTRY--PERSONAL NAME |
| Personal name |
ზურაბიშვილი, დავით |
| Relator term |
რედაქტორი |
| 9 (RLIN) |
1692 |
| 942 ## - ADDED ENTRY ELEMENTS (KOHA) |
| Source of classification or shelving scheme |
|
| Koha item type |
წიგნი |